000 02725nam a22003974a 4500
001 ebr10176222
003 CaPaEBR
006 m u
007 cr cn|||||||||
008 060714s2007 dcua sb i001 0 eng
010 _z 2006023410
016 7 _z101282207
_2DNLM
020 _z9780821365472 (pbk.)
020 _z0821365479 (pbk.)
020 _z0821365487 (e)
020 _z9780821365489 (e)
040 _aCaPaEBR
_cCaPaEBR
035 _a(OCoLC)317595857
043 _ad------
050 1 4 _aRA410.5
_b.P795 2007eb
082 0 4 _a338.4/73621
_222
245 0 0 _aPublic ends, private means
_h[electronic resource] :
_bstrategic purchasing of health services /
_cedited by Alexander S. Preker ... [et al.].
260 _aWashington, D.C. :
_bWorld Bank,
_cc2007.
300 _axvii, 414 p. :
_bill.
504 _aIncludes bibliographical references and index.
505 0 _aPolitical economy of strategic purchasing / Alexander S. Preker and April Harding -- Policy design in strategic purchasing / Alexander S. Preker, John C. Langenbrunner, and Paolo C. Belli -- The organizational structure of purchasers / Alexander S. Preker ... [et al.] -- Institutional environment / by Hern�an L. Fuenzalida-Puelma, Reinhard R. Hasslinger, and Alexander S. Preker -- Stewardship, governance, and management / Alexander S. Preker ... [et al.] -- Agency theory and its applications in health care / Xingzhu Liu and Anne Mills -- Doctors' and patients' utility functions / Xingzhu Liu and Anne Mills -- Economic models of doctors' behavior / Xingzhu Liu and Anne Mills -- Economic models of hospital behavior / Xingzhu Liu and Anne Mills -- Motivation and performance-related pay / Xingzhu Liu and Anne Mills -- Payment mechanisms and provider behavior / Xingzhu Liu and Anne Mills -- Supplier-induced demand and unnecessary care / Xingzhu Liu and Anne Mills -- The organization of publicly financed health care services / William Jack -- Contracting for medical care: providing incentives and controlling costs / William Jack -- Measuring efficiency in purchasing / Xingzhu Liu and Anne Mills.
533 _aElectronic reproduction.
_bPalo Alto, Calif. :
_cebrary,
_d2013.
_nAvailable via World Wide Web.
_nAccess may be limited to ebrary affiliated libraries.
650 0 _aMedical economics
_zDeveloping countries.
650 0 _aMedical care, Cost of
_zDeveloping countries.
650 0 _aMedical policy
_zDeveloping countries.
655 7 _aElectronic books.
_2local
700 1 _aPreker, Alexander S.,
_d1951-
710 2 _aWorld Bank.
710 2 _aebrary, Inc.
856 4 0 _uhttp://site.ebrary.com/lib/rucke/Doc?id=10176222
_zAn electronic book accessible through the World Wide Web; click to view
999 _c237546
_d237546